000
00176 a2200097 4500
020
_a
9789707417045
041
_a
spa
100
_a
philip Steele
245
_a
momias
942
_c
K
999
_c
30419
_d
30417